Biblioteca y Centro de Documentación

Consejo Económico y Social, representación de intereses y participación de los agentes económicos y sociales en España (Registro nro. 28061)

Detalles MARC
000 -CABECERA
Longitud fija campo de control 01112naa a2200289 c 4500
001 - NÚMERO DE CONTROL
Número de control 28061
003 - IDENTIFICADOR DE NÚMERO DE CONTROL
Identificador del número de control ES-MaCES
005 - FECHA Y HORA DE LA ÚLTIMA TRANSACCIÓN
Fecha y hora de la última transacción 20250203132348.0
008 - CAMPO FIJO DE DESCRIPCIÓN FIJA--INFORMACIÓN GENERAL
Códigos de información de longitud fija   950918n1995 ag ||| | spa d
035 ## - NÚMERO DE CONTROL DEL SISTEMA
Número de control del sistema CES19980019976v
040 ## - FUENTE DE CATALOGACIÓN
Centro catalogador de origen ES-MaCES
Lengua de catalogación spa
Centro transcriptor ES-MaCES
100 1# - ENCABEZAMIENTO PRINCIPAL--NOMBRE PERSONAL
9 (RLIN) 11083
Nombre de persona Durán López, Federico
245 10 - MENCIÓN DE TÍTULO
Título Consejo Económico y Social, representación de intereses y participación de los agentes económicos y sociales en España
Mención de responsabilidad, etc. Federico Durán López
504 ## - NOTA DE BIBLIOGRAFÍA, ETC.
Nota de bibliografía, etc. Bibliografía
610 24 - ASIENTO SECUNDARIO DE MATERIA--NOMBRE CORPORATIVO
Nombre de entidad corporativa o nombre de jurisdicción como elemento inicial Consejo Económico y Social (España)
9 (RLIN) 2408
650 #4 - ASIENTO SECUNDARIO DE MATERIA--TÉRMINO DE MATERIA
Término de materia o nombre geográfico como elemento inicial planificación económica
9 (RLIN) 27017
650 #4 - ASIENTO SECUNDARIO DE MATERIA--TÉRMINO DE MATERIA
Término de materia o nombre geográfico como elemento inicial Consejos Económicos y Sociales
9 (RLIN) 30859
650 #4 - ASIENTO SECUNDARIO DE MATERIA--TÉRMINO DE MATERIA
Término de materia o nombre geográfico como elemento inicial Comunidades Autónomas
9 (RLIN) 30768
650 #4 - ASIENTO SECUNDARIO DE MATERIA--TÉRMINO DE MATERIA
Término de materia o nombre geográfico como elemento inicial participación política
9 (RLIN) 27242
650 #4 - ASIENTO SECUNDARIO DE MATERIA--TÉRMINO DE MATERIA
Término de materia o nombre geográfico como elemento inicial España
9 (RLIN) 26964
653 10 - TÉRMINO DE INDEXACIÓN--NO CONTROLADO
Término no controlado Administración-Instituciones públicas
650 #4 - ASIENTO SECUNDARIO DE MATERIA--TÉRMINO DE MATERIA
9 (RLIN) 27235
Término de materia o nombre geográfico como elemento inicial grupo de intereses
773 0# - ENTRADA DE DOCUMENTO FUENTE
Título Revista de trabajo
Parte(s) relacionada(s) Buenos Aires. - Año 2, n. 6 (marzo-abr. 1995) ; p. 71-80
Número de control del registro relacionado (ES-MaCES)25554
902 ## - CES. TIPO DE DOCUMENTO
Tipodoc (006$c Sirtex) ART Artículo de revista
942 ## - ELEMENTOS KOHA
Fuente de clasificaión o esquema Clasificación propia del CES
Koha [por defecto] tipo de item Artículos (1982-2017)
Parte de clasificación 6.3.

No hay ítems disponibles.

© CES, Consejo Económico y Social de España 2021